|
|
|
|
| LEADER |
00000nam0a2200000 4500 |
| 001 |
164153 |
| 005 |
20231031161121.0 |
| 010 |
|
|
|a 9785769559433
|
| 035 |
|
|
|a (RuTPU)RU\TPU\book\178101
|
| 090 |
|
|
|a 164153
|
| 100 |
|
|
|a 20090901d2009 m y0rusy50 ca
|
| 101 |
0 |
|
|a rus
|
| 102 |
|
|
|a RU
|
| 105 |
|
|
|a a j 001zy
|
| 200 |
1 |
|
|a Правовое обеспечение социальной работы
|e учебное пособие
|f В. М. Васильчиков
|
| 210 |
|
|
|a Москва
|c Академия
|d 2009
|
| 215 |
|
|
|a 336 с.
|c ил.
|
| 225 |
1 |
|
|a Высшее профессиональное образование. Социальная работа
|
| 333 |
|
|
|a Исключено из фонда НТБ ТПУ
|
| 700 |
|
1 |
|a Васильчиков
|b В. М.
|g Владимир Михайлович
|
| 801 |
|
1 |
|a RU
|b 63413507
|c 20090901
|
| 801 |
|
2 |
|a RU
|b 63413507
|c 20211014
|g RCR
|
| 942 |
|
|
|c BK
|
| 959 |
|
|
|a 88/20090901
|d 2
|e 335,50
|f АНЛ:1
|f ЧЗГЛ:1
|